| 000 | 01313nam a2200397Ii 4500 | ||
|---|---|---|---|
| 001 | DIGEDIUOC095 | ||
| 003 | NyNyDIG | ||
| 006 | m o d | ||
| 007 | cr ||||||||||| | ||
| 008 | 131201s2009 sp ob 000 0 spa d | ||
| 020 |
_a9788490296059 _q(eBook) |
||
| 020 | _z8497888685 | ||
| 020 | _z9788497888684 | ||
| 035 | _a(OCoLC)888265528 | ||
| 040 |
_aDGITA _beng _epn _cDGITA |
||
| 050 | 1 | 4 | _aLB1044.87 eBook |
| 100 | 1 | _aBorges Sáiz, Federico. | |
| 245 | 1 | 0 |
_aProfcasts : _baprender y enseñar con podcasts / _cFederico Borges. |
| 250 | _a1. ed. en lengua castellana | ||
| 264 | 1 |
_aBarcelona : _bEditorial UOC, _c2009 |
|
| 300 |
_a1 online resource (80 pages) : _bill. |
||
| 336 |
_atext _btxt _2rdacontent |
||
| 337 |
_acomputer _bc _2rdamedia |
||
| 338 |
_aonline resource _bcr _2rdacarrier |
||
| 490 | 1 |
_aTic.cerø ; _v30 |
|
| 504 | _aIncludes bibliographical references (p. 79-80). | ||
| 650 | 0 | _aPodcasting. | |
| 650 | 0 | _aInternet in education. | |
| 655 | 0 | _aElectronic books. | |
| 791 | 2 |
_aDigitalia (Firm), _edistributor. |
|
| 830 | 0 |
_aTic.cerø ; _v30 |
|
| 793 | 0 |
_gDigitalia eBook Collection: _aUniversitat Oberta de Catalunya. |
|
| 856 | 4 | 0 |
_3Digitalia Hispánica _uhttps://www.digitaliapublishing.com/a/20490/ |
| 910 | _aPremium Collection: 2007-2012 | ||
| 942 | _cRAA | ||
| 999 |
_c236926 _d236926 |
||